JA Pye (Oxford) Ltd and another v Graham and another (Record no. 62611)
[ view plain ]
| 000 -LEADER | |
|---|---|
| fixed length control field | 00998cam a2200217 4500 |
| 001 - CONTROL NUMBER | |
| control field | WB3608-30 |
| 008 - FIXED-LENGTH DATA ELEMENTS--GENERAL INFORMATION | |
| fixed length control field | 000000n2000 000 0 eng u |
| 035 ## - SYSTEM CONTROL NUMBER | |
| System control number | (Sirsi) u104365 |
| 245 ## - TITLE STATEMENT | |
| Title | JA Pye (Oxford) Ltd and another v Graham and another |
| 260 ## - PUBLICATION, DISTRIBUTION, ETC. | |
| Date of publication, distribution, etc. | 2000 |
| 490 ## - SERIES STATEMENT | |
| Series statement | Estates Gazette Case Summaries |
| Volume/sequential designation | [2000] EGCS 21 (1) |
| 520 ## - SUMMARY, ETC. | |
| Summary, etc. | ChD 4 February 2000. In 1982 G purchased farm from P, who owned the adjoining land. P granted defendants a licence to farm the adjoining land. P did not respond to defendants' request for an renewed licence in 1984 for 1985. G continued to farm the disputed land. The issue was whether G had acquired title of the land by adverse possession. Held, the claimants' application for possession dismissed. |
| 590 ## - LOCAL NOTE (RLIN) | |
| Local note | WB |
| 650 ## - SUBJECT ADDED ENTRY--TOPICAL TERM | |
| Topical term or geographic name entry element | ADVERSE POSSESSION |
| 650 ## - SUBJECT ADDED ENTRY--TOPICAL TERM | |
| Topical term or geographic name entry element | EXTINGUISHMENT OF TITLE |
| 650 ## - SUBJECT ADDED ENTRY--TOPICAL TERM | |
| Topical term or geographic name entry element | LIMITATION ACT 1980 S15(1) |
| 650 ## - SUBJECT ADDED ENTRY--TOPICAL TERM | |
| Topical term or geographic name entry element | LICENCES TO OCCUPY |
| 650 ## - SUBJECT ADDED ENTRY--TOPICAL TERM | |
| Topical term or geographic name entry element | JA PYE (OXFORD) LTD V GRAHAM |
| 690 ## - LOCAL SUBJECT ADDED ENTRY--TOPICAL TERM (OCLC, RLIN) | |
| Topical term or geographic name as entry element | PROPERTY |
| 942 ## - ADDED ENTRY ELEMENTS (KOHA) | |
| Suppress in OPAC | 0 |
| Withdrawn status | Lost status | Source of classification or shelving scheme | Damaged status | Not for loan | Home library | Current library | Shelving location | Date acquired | Total Checkouts | Full call number | Barcode | Date last seen | Copy number | Price effective from | Koha item type |
|---|---|---|---|---|---|---|---|---|---|---|---|---|---|---|---|
| Dewey Decimal Classification | London | London | News article | 24/02/2000 | WB3608-30 | 104365-1001 | 06/08/2019 | 1 | 06/08/2019 | Journal article |